| 000 | 00789nam a2200265 a 4500 | ||
|---|---|---|---|
| 001 | 79996 | ||
| 003 | BD-RjUL | ||
| 005 | 20220620122543.0 | ||
| 008 | 220620s2008 ii a b 000 0 eng | ||
| 020 | _a8174363343 | ||
| 020 | _a9788174363343 | ||
| 035 | _a(BD-RjUL)79996 | ||
| 040 |
_aDLC _cDLC _beng _dBD-RjUL |
||
| 041 | _aeng | ||
| 082 |
_223 _a745.670954 _bCHI 2008 |
||
| 100 | 1 |
_aChakraverty, Anjan, _d1958- _93733 |
|
| 245 | 1 | 0 |
_aIndian miniature painting / _cAnjan Chakraverty. |
| 260 |
_aNew Delhi : _bLustre Press : Roli Books, _cc2008 |
||
| 300 |
_a139 p. : _bill. ; _c24 cm. |
||
| 504 | _aIncludes bibliographical references. | ||
| 650 | 0 |
_aMiniature painting, Indic. _93734 |
|
| 650 | 0 |
_aMiniature painting, Indic _xHistory. _93735 |
|
| 942 |
_2ddc _cBK |
||
| 999 |
_c79996 _d79996 |
||